Normal view MARC view

Entry Personal Name

Number of records used in: 1

001 - CONTROL NUMBER

  • control field: 1057376

003 - CONTROL NUMBER IDENTIFIER

  • control field: OSt

005 - DATE AND TIME OF LATEST TRANSACTION

  • control field: 20260121165909.0

008 - FIXED-LENGTH DATA ELEMENTS

  • fixed length control field: 260121|| aca||aabn | a|a d

040 ## - CATALOGING SOURCE

  • Original cataloging agency: OSt
  • Transcribing agency: OSt

100 ## - HEADING--PERSONAL NAME

  • Personal name: Jaafar Pyeman, Wan Edura Wan Rashid, Azlina Hanif, Syed Jamal Abdul Nasir Syed Mohamad, Peck Leong Tan

670 ## - SOURCE DATA FOUND

  • Source citation: Work cat.: (OSt)1623105: Jaafar Pyeman, Wan Edura Wan Rashid, Azlina Hanif, Syed Jamal Abdul Nasir Syed Mohamad, Peck Leong Tan, Proceedings of the 1st AAGBS International Conference on Business Management 2014 (AiCoBM 2014)
Copyright @ Delhi University Library System